|
|
|
|
| LEADER |
00000nam a2200000 i 4500 |
| 001 |
1/49270 |
| 008 |
960401s1978 eng d |
| 020 |
|
|
|a 0582525462
|
| 035 |
|
|
|l 10026809
|
| 040 |
|
|
|a GR-MY-UA
|b gre
|e aacr
|
| 041 |
0 |
|
|a eng
|
| 082 |
0 |
|
|a 428.64
|
| 100 |
1 |
|
|a Turvey, John.
|
| 245 |
1 |
0 |
|a Frankenstein /
|c John Turvey. ill.: Hugh Marshall
|
| 260 |
|
|
|a Harlow, England :
|b Longman,
|c 1978
|
| 300 |
|
|
|a 86 p.
|
| 500 |
|
|
|a Διασκευή και απλοποίηση του : Frankenstein της Mary Shelley
|
| 650 |
0 |
0 |
|a English language
|x Readers.
|
| 700 |
1 |
|
|a Marshall, Hugh.
|4 ill
|
| 700 |
1 |
|
|a Shelley, Mary Wollstonecraft,
|d 1797-1851.
|
| 852 |
|
|
|a INST
|b CHIOS
|e 19960401
|h 428.64 TUR
|p 005200004843
|q 005200004843
|t BK
|y 0
|
| 909 |
|
|
|a Χ
|b 004764
|